000 00590nam a22002177a 4500
001 sjds
003 sjds
005 20230216222236.0
008 230216b |||||||| |||| 00| 0 spa d
020 _a9788434856387
020 _a8434856387
040 _csjds
041 _aspa
100 _aMillard, Anne
245 _aMisterios de las civilizaciones perdidas /
_cAnne Millard, Francis Phillipps
260 _aMadrid :
_bEdiciones SM,
_cc1997
300 _a 40 pages :
_b color illustrations, color map ;
_c30 cm
440 _aSM saber
700 1 0 _aPhillipps. Francis
942 _cBK
999 _c28064
_d28064